Consumer Behaviour of Slovak Households in the Sphere of Organic Food in the Context of Sustainable Consumption
Správanie slovenských spotrebiteľov v oblasti udržateľnej spotreby v oblasti ekologických výrobkov. Návrh prvkov reflexie pre ekonomické subjekty, ktoré čelia výzvam udržateľnej spotreby. Vyjadrenia zodpovedných spotrebiteľov, frekvencia konzumácie ekologických potravín a špecifické sociálno-demogra...
Salvato in:
| Autore principale: | |
|---|---|
| Altri autori: | , , |
| Natura: | Capitolo di libro |
| Lingua: | inglese |
| Soggetti: | |
| Tags: |
Nessun Tag, puoi essere il primo ad aggiungerne!!
|
MARC
| LEADER | 00000naa a2200000 4500 | ||
|---|---|---|---|
| 001 | 0273130 | ||
| 005 | 20240502083832.2 | ||
| 041 | 0 | |a eng | |
| 044 | |a CZ | ||
| 245 | 1 | 0 | |a Consumer Behaviour of Slovak Households in the Sphere of Organic Food in the Context of Sustainable Consumption |c Pavol Kita, Marta Žambochová, Ján Strelinger, Veronika Kitová Mazalánová |
| 520 | |a Správanie slovenských spotrebiteľov v oblasti udržateľnej spotreby v oblasti ekologických výrobkov. Návrh prvkov reflexie pre ekonomické subjekty, ktoré čelia výzvam udržateľnej spotreby. Vyjadrenia zodpovedných spotrebiteľov, frekvencia konzumácie ekologických potravín a špecifické sociálno-demografické charakteristiky. | ||
| 610 | 2 | 0 | |a správanie spotrebiteľa |
| 610 | 2 | 0 | |a domácnosti |
| 610 | 2 | 0 | |a biopotraviny |
| 610 | 2 | 0 | |a spotreba udržateľná |
| 610 | 2 | 0 | |a Slovensko |
| 100 | 1 | |a Kita, Pavol | |
| 700 | 1 | |a Žambochová, Marta | |
| 700 | 1 | |a Strelinger, Ján, 1964- | |
| 700 | 1 | |a Kitová Mazalánová, Veronika | |